000 00624nam a2200205Ia 4500
003 GCL
008 140319s9999 xx 000 0 ara d
040 _aGCL /
_cGCL
082 0 4 _a796.34
_bا ت
100 1 _aايلين وديع فرج
245 1 0 _aالتنس: تعليم, تدريب, تقييم, تحكيم /
_cايلين وديع فرج
260 _a[S.N] :
_bمنشاة المعارف الاسلامية ،
_c1994
300 _a229 ص
490 _a
650 0 4 _aتدريب
650 0 4 _aالالعاب الرياضية
650 0 4 _aالتنس
650 0 4 _aالتحكيم الرياضى
942 _2ddc
_cBK
999 _c33062
_d33062